<?xml version="1.0" encoding="UTF-8"?>
<record
    xmlns:xsi="http://www.w3.org/2001/XMLSchema-instance"
    xsi:schemaLocation="http://www.loc.gov/MARC21/slim http://www.loc.gov/standards/marcxml/schema/MARC21slim.xsd"
    xmlns="http://www.loc.gov/MARC21/slim">

  <leader>00948cam a22002651  4500</leader>
  <controlfield tag="001">he 68001399 </controlfield>
  <controlfield tag="003">DLC</controlfield>
  <controlfield tag="005">20260227111458.0</controlfield>
  <controlfield tag="008">850102s1967    is a          000 0 heb  </controlfield>
  <datafield tag="010" ind1=" " ind2=" ">
    <subfield code="a">he 68001399 </subfield>
  </datafield>
  <datafield tag="035" ind1=" " ind2=" ">
    <subfield code="a">(OCoLC)19204253</subfield>
  </datafield>
  <datafield tag="040" ind1=" " ind2=" ">
    <subfield code="a">DLC</subfield>
    <subfield code="c">MH</subfield>
    <subfield code="d">CU</subfield>
    <subfield code="d">DLC</subfield>
  </datafield>
  <datafield tag="041" ind1="1" ind2=" ">
    <subfield code="a">heb</subfield>
    <subfield code="h">rus</subfield>
  </datafield>
  <datafield tag="042" ind1=" " ind2=" ">
    <subfield code="a">premarc</subfield>
  </datafield>
  <datafield tag="050" ind1="0" ind2="0">
    <subfield code="a">PG3367.H4</subfield>
    <subfield code="b">K5</subfield>
  </datafield>
  <datafield tag="100" ind1="1" ind2=" ">
    <subfield code="a">Tolstoy, Aleksey Konstantinovich,</subfield>
    <subfield code="c">graf,</subfield>
    <subfield code="d">1817-1875.</subfield>
  </datafield>
  <datafield tag="240" ind1="1" ind2="0">
    <subfield code="a">Kni&#x361;az &#x15B;erebri&#x361;any&#x12D;.</subfield>
    <subfield code="l">Hebrew</subfield>
  </datafield>
  <datafield tag="245" ind1="1" ind2="0">
    <subfield code="a">Nesikh ha-kesef :</subfield>
    <subfield code="b">sipur his&#x1E6D;ori mi-yeme I&#x1E7F;an he-Ayom /</subfield>
    <subfield code="c">A. &#x1E32;. &#x1E6C;ols&#x1E6D;oi ; [turgam me-Rusit bi-yede Avraham &#x1E32;ariv] ; [rishumim me-et Shelomoh &#x1E7E;it&#x1E33;in]</subfield>
  </datafield>
  <datafield tag="260" ind1=" " ind2=" ">
    <subfield code="a">Tel Aviv :</subfield>
    <subfield code="b">Am &#x2BB;oved,</subfield>
    <subfield code="c">[1967]</subfield>
  </datafield>
  <datafield tag="300" ind1=" " ind2=" ">
    <subfield code="a">2 v. :</subfield>
    <subfield code="b">ill. ;</subfield>
    <subfield code="c">23 cm.</subfield>
  </datafield>
  <datafield tag="440" ind1=" " ind2="0">
    <subfield code="a">Sifriyat Dan &#x1E25;askhan ;</subfield>
    <subfield code="v">30-31</subfield>
  </datafield>
  <datafield tag="500" ind1=" " ind2=" ">
    <subfield code="a">Translation of: Kni&#x361;az &#x15B;erebri&#x361;any&#x12D;.</subfield>
  </datafield>
  <datafield tag="600" ind1="0" ind2="0">
    <subfield code="a">Ivan</subfield>
    <subfield code="b">IV,</subfield>
    <subfield code="c">Czar of Russia,</subfield>
    <subfield code="d">1530-1584</subfield>
    <subfield code="v">Fiction.</subfield>
  </datafield>
  <datafield tag="700" ind1="1" ind2=" ">
    <subfield code="a">Kariv, Avraham,</subfield>
    <subfield code="d">1900-1976.</subfield>
  </datafield>
  <datafield tag="999" ind1=" " ind2=" ">
    <subfield code="c">33285</subfield>
    <subfield code="d">33285</subfield>
  </datafield>
</record>
